000 00378 a2200145 4500
999 _c12094
_d12094
003 OSt
005 20231223174715.0
008 231223b ||||| |||| 00| 0 eng d
020 _a9789881296986
082 _a725.71
100 _aBrendan Heath
245 _aLight meal restaurant : dine in cultural space
260 _bDesign Media Publishing (UK) Limited
_c2015
942 _2ddc